The Earnicorns Stories of Rare Profitable Unicorns: Naukri.com, Zerodha, Dream11, Zoho (Record no. 43198)

MARC details
000 -LEADER
fixed length control field 00471nam a22001697a 4500
005 - DATE AND TIME OF LATEST TRANSACTION
control field 20250104201842.0
008 - FIXED-LENGTH DATA ELEMENTS--GENERAL INFORMATION
fixed length control field 250104b |||||||| |||| 00| 0 eng d
020 ## - INTERNATIONAL STANDARD BOOK NUMBER
International Standard Book Number 9780143468103
041 ## - LANGUAGE CODE
Language code of text/sound track or separate title Eng
082 ## - DEWEY DECIMAL CLASSIFICATION NUMBER
Classification number 332.63 NAT
100 ## - MAIN ENTRY--PERSONAL NAME
Author Nat, Dhruv
245 ## - TITLE STATEMENT
Title The Earnicorns Stories of Rare Profitable Unicorns: Naukri.com, Zerodha, Dream11, Zoho
260 ## - PUBLICATION, DISTRIBUTION, ETC.
Place Haryana
Publisher Penguin Business
Publication Year 2024
300 ## - PHYSICAL DESCRIPTION
Extent 303
650 ## - SUBJECT ADDED ENTRY--TOPICAL TERM
Subject Investment; E-Commerce
942 ## - ADDED ENTRY ELEMENTS (KOHA)
Koha item type Books
Holdings
Withdrawn status Lost status Source of classification or shelving scheme Damaged status Not for loan Home library Current library Shelving location Accession Date Vendor Price Bill number Total Checkouts Total Renewals Full call number Barcode No Date last seen Date last checked out Bill Date Koha item type
    Dewey Decimal Classification     IMTN IMTN Rack 11-A 12/30/2024 Raghav Books Pvt. LTD> 499.00 1861 2 1 332.63 NAT 33600 02/21/2025 01/22/2025 12/14/2024 Books
Designed & Maintained by: LRC IMT Nagpur Contact: lrc@imtnag.ac.in© 2024. All Rights Reserved.